Kockázatmenedzsment a projektek szintjén

Bibliográfiai részletek
Szerző: Botyánszki Alexandra
További közreműködők: Eckert Bálint
Dokumentumtípus: Projektmunka
Kulcsszavak:Kockázat
Kockázatmenedzsment
Projektmenedzsment
Online Access:http://dolgozattar.uni-bge.hu/11647

MARC

LEADER 00000nnm a2200000 i 4500
001 dolg11647
005 20170516094043.0
008 170516suuuu hu o 000 hun d
040 |a BGE Dolgozattár Repozitórium  |b hun 
041 |a hu 
100 1 |a Botyánszki Alexandra 
245 1 0 |a Kockázatmenedzsment a projektek szintjén  |c Botyánszki Alexandra  |h [elektronikus dokumentum] 
516 |a Project_work 
695 |a Kockázat 
695 |a Kockázatmenedzsment 
695 |a Projektmenedzsment 
700 1 |a Eckert Bálint  |e ths 
856 4 0 |u http://dolgozattar.uni-bge.hu/11647/1/Download%20File.pdf  |z Dokumentum-elérés